000 00293nam a22001337a 4500
008 170607b xxu||||| |||| 00| 0 eng d
020 _a9789995628741
041 _aeng
080 _a94
100 _a18
101 _aSHH
245 _aDEMOGRAFIA SOCIO-EKONOMIKE
_cDUMANI,B
942 _2udc
_cBK
999 _c16312
_d16312